Logic và tiếng Việt

Saved in:
Bibliographic Details
Main Author: Nguyễn, Đức Dân
Format: Book
Language:Undetermined
Published: Hà Nội Giáo Dục 1998
Subjects:
Tags: Add Tag
No Tags, Be the first to tag this record!
Institutions: Trung tâm Học liệu Trường Đại học Cần Thơ
LEADER 00498nam a2200169Ia 4500
001 CTU_47411
008 210402s9999 xx 000 0 und d
082 |a 495.922 
082 |b D121 
100 |a Nguyễn, Đức Dân 
245 0 |a Logic và tiếng Việt 
245 0 |c Nguyễn Đức Dân 
260 |a Hà Nội 
260 |b Giáo Dục 
260 |c 1998 
650 |a language and languages,vietnamese language 
980 |a Trung tâm Học liệu Trường Đại học Cần Thơ